|
|
|
|
| LEADER |
00000cam a2200000 7i4500 |
| 001 |
0000002395 |
| 005 |
20030605.0 |
| 020 |
0 |
0 |
|a 983540285X
|
| 090 |
0 |
0 |
|a 796.0959
|b MEN 2002
|
| 245 |
0 |
0 |
|a MENJULANG kegemilangan Sukan SEA XXI
|c (penyunting) Razali Kidam, Amidah Hamim
|
| 260 |
0 |
0 |
|a Kuala Lumpur :
|b Jabatan Perkhidmatan Penerangan Malaysia ,
|c 2002
|
| 300 |
|
|
|a 111 p. :
|b col. ill. ;
|c 30 cm.
|
| 440 |
0 |
0 |
|a Siri pengetahuan am
|
| 650 |
0 |
0 |
|a Games
|z Asia, Southeastern
|
| 650 |
0 |
0 |
|a Sports
|z Asia, Southeastern
|
| 700 |
0 |
1 |
|a Amidah Hamim ,
|c 1960-
|
| 700 |
0 |
1 |
|a Razali Kidam ,
|c 1959-
|
| 998 |
|
|
|a JPSM
|
| 999 |
|
|
|a 0000004296
|b Monograph
|c Open Shelf
|e Default branch
|